Desarrollo de un sistema piloto de administración de pavimentos en Curridabat

में बचाया:
ग्रंथसूची विवरण
मुख्य लेखक: Chaverri Jiménez, Jenny
स्वरूप: पुस्तक
प्रकाशित: San José, C.R. 2000
विषय:
टैग: टैग जोड़ें
कोई टैग नहीं, इस रिकॉर्ड को टैग करने वाले पहले व्यक्ति बनें!

MARC

LEADER 00000nam a2200000Ia 4500
003 008513
005 20221231144210.0
008 140114s2000 cr a m 000 ||s d
040 |c cru CEDI 
090 |a TFG 4160 
100 |a Chaverri Jiménez, Jenny   |9 8244 
245 |a Desarrollo de un sistema piloto de administración de pavimentos en Curridabat 
260 |c 2000  |a  San José, C.R. 
300 |a  239 páginas : ilustraciones (algunas a color)  
500 |a  Tesis (licenciatura en Ingeniería Civil)--Universidad de Costa Rica.Facultad de Ingeniería. Escuela de Ingeniería Civil 
650 |x PAVIMENTOS DE ASFALTO   |x  INVESTIGACIONES   |x MATERIALES PARA CARRETERAS   |x RESISTENCIA DE MATERIALES  |9 8245 
942 |c TFG 
999 |c 18314  |d 18314